Illustrated India, its princes and people : (Record no. 234885)

000 -LEADER
fixed length control field 01360cam a2200337 a 4500
001 - CONTROL NUMBER
control field 12327477
003 - CONTROL NUMBER IDENTIFIER
control field Nust
005 - DATE AND TIME OF LATEST TRANSACTION
control field 20170331162207.0
008 - FIXED-LENGTH DATA ELEMENTS--GENERAL INFORMATION
fixed length control field 001016r20001877ii ab 000 0 eng
010 ## - LIBRARY OF CONGRESS CONTROL NUMBER
LC control number 00403109
020 ## - INTERNATIONAL STANDARD BOOK NUMBER
International Standard Book Number 8120614534
025 ## - OVERSEAS ACQUISITION NUMBER
Overseas acquisition number I-E-00-403109; 61-91
035 ## - SYSTEM CONTROL NUMBER
System control number (DLC) 00403109
037 ## - SOURCE OF ACQUISITION
Source of stock number/acquisition Library of Congress -- New Delhi Field Office
Terms of availability Rs995.00
040 ## - CATALOGING SOURCE
Original cataloging agency DLC
Transcribing agency DLC
Modifying agency DLC
042 ## - AUTHENTICATION CODE
Authentication code lcode
043 ## - GEOGRAPHIC AREA CODE
Geographic area code a-ii---
050 00 - LIBRARY OF CONGRESS CALL NUMBER
Classification number DS413
Item number .S87 2000
082 00 - DEWEY DECIMAL CLASSIFICATION NUMBER
Classification number 915.4043
Edition number 21
Author Mark STO
100 1# - MAIN ENTRY--PERSONAL NAME
Personal name Stone, Julia A.
245 10 - TITLE STATEMENT
Title Illustrated India, its princes and people :
Remainder of title upper, central, and farther India, up the Ganges and down the Indus : to which is added an authentic account of the visit to India of His Royal Highness the Prince of Wales /
Statement of responsibility, etc. Julia A. Stone.
260 ## - PUBLICATION, DISTRIBUTION, ETC.
Place of publication, distribution, etc. New Delhi :
Name of publisher, distributor, etc. Asian Educational Services,
Date of publication, distribution, etc. 2000.
300 ## - PHYSICAL DESCRIPTION
Extent xvi, 628 p. :
Other physical details ill., maps ;
Dimensions 22 cm.
500 ## - GENERAL NOTE
General note Originally published: Hartford, Conn. : American Pub. Co., 1877.
500 ## - GENERAL NOTE
General note "Containing 123 full-page engravings and mapa."
651 #0 - SUBJECT ADDED ENTRY--GEOGRAPHIC NAME
Geographic name India
General subdivision Description and travel.
710 2# - ADDED ENTRY--CORPORATE NAME
Corporate name or jurisdiction name as entry element Asian Educational Services.
906 ## - LOCAL DATA ELEMENT F, LDF (RLIN)
a 7
b cbc
c origode
d 3
e ncip
f 20
g y-gencatlg
942 ## - ADDED ENTRY ELEMENTS (KOHA)
Source of classification or shelving scheme
Koha item type Book
Holdings
Withdrawn status Lost status Source of classification or shelving scheme Damaged status Not for loan Permanent Location Current Location Date acquired Total Checkouts Full call number Barcode Date last seen Price effective from Koha item type
          School of Civil and Environmental Engineering (SCEE) School of Civil and Environmental Engineering (SCEE) 03/31/2017   915.4043 STO NIT-9031 03/31/2017 03/31/2017 Book
© 2023 Central Library, National University of Sciences and Technology. All Rights Reserved.